00410nam a2200145Ia 4500008004100000020001500041041001200056082001600068100001500084245009400099260002900193300000800222650001800230700001600248221030s9999 xx 000 0 und d a8123908601 aEnglish a105.23bBlu aM. L. Blum 0aIndustrial Psychology : Its Theorectical & Social Foundationscby M. L. Blum, C. N. James bCBS PubaNew Delhic2004 a631 aBE Management aC. N. James